El castell d'Orís : aproximació històrica / David Galí, Raquel Lacuesta, Anna Gómez aproximació històrica / David Galí, Raquel Lacuesta, Anna Gómez
ISBN:
84-7794-980-8
Descripción Física:
75 p. : il. col. ; 21 cm
MARC
| LEADER | 00000nam a2200000Ia 4500 | ||
|---|---|---|---|
| 001 | 10945 | ||
| 008 | 160829s2004 xx 000 0 cat d | ||
| 020 | |a 84-7794-980-8 | ||
| 080 | |a H-2-285 | ||
| 100 | |a Galí, David |9 33049 | ||
| 245 | |a El castell d'Orís : |b aproximació històrica / David Galí, Raquel Lacuesta, Anna Gómez | ||
| 260 | |a Barcelona : |b Diputació de Barcelona, |c 2004 | ||
| 300 | |a 75 p. : |b il. col. ; |c 21 cm | ||
| 590 | |a Bibliografia | ||
| 650 | |a Castell d'Orís |9 24932 | ||
| 650 | |a Castell d'Orís |x Història |9 24933 | ||
| 650 | |a Monuments |x Conservació i restauració |x Catalunya |9 28763 | ||
| 700 | |a Lacuesta, Raquel, |d 1949- |9 24935 | ||
| 700 | |a Gómez Bach, Anna |9 24936 | ||
| 901 | |a Arxiu | ||
| 942 | |n 1 | ||
| 952 | |0 0 |1 0 |4 0 |6 H2285 |7 1 |9 43380 |a Arxiu |b Arxiu |d 2016-12-01 |l 0 |o H-2-285 |p 10945 |r 2016-12-01 00:00:00 |w 2016-12-01 |y ARXIU | ||
| 999 | |c 45925 |d 45925 | ||